[Event "London Classic Womens"]
[Site "London Olympia"]
[Date "2009.12.08"]
[Round "1"]
[White "Caoili, Arianne"]
[Black "Smith, Olivia"]
[Result "1-0"]
[WhiteElo "2206"]
[BlackElo "2026"]
[PlyCount "35"]
[EventDate "2009.12.08"]
[EventType "tourn"]
[EventRounds "9"]
[EventCountry "ENG"]
[SourceDate "2009.12.09"]

1. e4 e5 2. Bc4 Nc6 3. Nc3 Nf6 4. d3 Bb4 5. Nge2 d5 6. exd5 Nxd5 7. a3 Nxc3 8.
Nxc3 Ba5 9. O-O O-O 10. f4 Bb6+ 11. Kh1 exf4 12. Bxf4 Nd4 13. Ne4 Ne6 14. Qh5
Bd4 15. Bg5 Qd7 16. c3 Be5 17. Rae1 Qc6 18. Be7 1-0

[Event "London Classic Womens"]
[Site "London Olympia"]
[Date "2009.12.08"]
[Round "1"]
[White "Yurenok, Maria"]
[Black "Winkelmann, Elena"]
[Result "1/2-1/2"]
[WhiteElo "1968"]
[BlackElo "2119"]
[PlyCount "48"]
[EventDate "2009.12.08"]
[EventType "tourn"]
[EventRounds "9"]
[EventCountry "ENG"]
[SourceDate "2009.12.09"]

1. d4 d5 2. Nf3 c6 3. c4 e6 4. cxd5 exd5 5. Nc3 Nf6 6. Bg5 Be7 7. Qc2 Nbd7 8.
e3 Nf8 9. Bd3 Ne6 10. Bh4 g6 11. O-O Ng7 12. b4 Bf5 13. Bxf6 Bxf6 14. b5 Bxd3
15. Qxd3 O-O 16. bxc6 bxc6 17. Na4 Ne6 18. Rfc1 Qa5 19. Qd1 Rfc8 20. Nc5 Qa3
21. Rab1 Nxc5 22. Rxc5 Qxa2 23. Ra1 Qb2 24. Rb1 Qa2 1/2-1/2

[Event "London Classic Womens"]
[Site "London Olympia"]
[Date "2009.12.13"]
[Round "1"]
[White "Lalic, Susan"]
[Black "Chevannes, Sabrina"]
[Result "1-0"]
[WhiteElo "2310"]
[BlackElo "2042"]
[PlyCount "67"]
[EventDate "2009.12.08"]
[EventType "tourn"]
[EventRounds "9"]
[EventCountry "ENG"]
[SourceDate "2009.12.09"]

1. e4 c6 2. d4 d5 3. exd5 cxd5 4. c4 Nf6 5. Nc3 Nc6 6. Nf3 Bg4 7. cxd5 Nxd5 8.
Qb3 Bxf3 9. gxf3 Nb6 10. d5 Nd4 11. Bb5+ Nd7 12. Qa4 Nxb5 13. Qxb5 Qb6 14. Be3
Qxb5 15. Nxb5 Kd8 16. Nxa7 Ne5 17. Nb5 Rc8 18. O-O Nxf3+ 19. Kh1 g6 20. Rac1
Bg7 21. Rxc8+ Kxc8 22. Rc1+ Kb8 23. Rc7 Nh4 24. Rxe7 Bxb2 25. Bf4+ Ka8 26. Re4
b6 27. Ra4+ Kb7 28. Nd6+ Kb8 29. Nxf7+ Kb7 30. Nd6+ Kb8 31. Nb5+ Kb7 32. Ra7+
Kc8 33. Rc7+ Kd8 34. Bg5+ 1-0

[Event "London Classic Womens"]
[Site "London Olympia"]
[Date "2009.12.08"]
[Round "1"]
[White "Van Weersel, Arlette"]
[Black "Ikonomopoulou, Maria"]
[Result "1-0"]
[WhiteElo "2193"]
[BlackElo "2065"]
[PlyCount "67"]
[EventDate "2009.12.08"]
[EventType "tourn"]
[EventRounds "9"]
[EventCountry "ENG"]
[SourceDate "2009.12.09"]

1. e4 c5 2. Nf3 Nc6 3. d4 cxd4 4. Nxd4 Nf6 5. Nc3 e5 6. Ndb5 d6 7. Bg5 a6 8.
Na3 b5 9. Bxf6 gxf6 10. Nd5 f5 11. exf5 Bxf5 12. c3 Bg7 13. Qf3 Bd7 14. Bd3 O-O
15. Bf5 e4 16. Bxe4 f5 17. Bc2 b4 18. Nc4 bxc3 19. bxc3 Qh4 20. O-O f4 21. Ndb6
Nb8 22. Nxa8 Rf6 23. Rfe1 Bc6 24. Be4 Bd7 25. Rab1 Rf8 26. Bd5+ Kh8 27. Nxd6
Bg4 28. Nf7+ Rxf7 29. Rxb8+ Bf8 30. Qe4 Rf6 31. Qe5 Qh6 32. Rb6 Bg7 33. Rxf6
Bxf6 34. Qe8+ 1-0

[Event "London Classic Womens"]
[Site "London Olympia"]
[Date "2009.12.08"]
[Round "1"]
[White "Frick, Denise"]
[Black "De Seroux, Camille"]
[Result "1-0"]
[WhiteElo "1920"]
[BlackElo "1989"]
[PlyCount "127"]
[EventDate "2009.12.08"]
[EventType "tourn"]
[EventRounds "9"]
[EventCountry "ENG"]
[SourceDate "2009.12.09"]

1. e4 c5 2. Nc3 Nc6 3. f4 g6 4. Nf3 Bg7 5. Bb5 Nd4 6. Bd3 e6 7. Nxd4 cxd4 8.
Ne2 Ne7 9. c3 Nc6 10. O-O O-O 11. Qe1 b6 12. Qf2 dxc3 13. dxc3 Bb7 14. f5 Ne5
15. Bc2 d5 16. f6 Bh8 17. exd5 Qxd5 18. Nf4 Qc6 19. Qh4 Nd7 20. Qf2 Nxf6 21.
Nh3 Rad8 22. Bg5 Rd7 23. Bxf6 Bxf6 24. Ba4 Qxa4 25. Qxf6 Bxg2 26. Rf4 Qc6 27.
Ng5 Rfd8 28. Nxf7 Rd1+ 29. Rxd1 Rxd1+ 30. Kf2 Rf1+ 31. Kg3 Rf3+ 32. Kg4 Rxf4+
33. Qxf4 Qe4 34. Qxe4 Bxe4 35. Ne5 Kg7 36. Kf4 Bb1 37. a3 Kf6 38. Nc4 Ba2 39.
Nd2 Bd5 40. Nf1 Bc6 41. Ne3 Bb7 42. Ng4+ Ke7 43. Ke5 Bf3 44. Ne3 g5 45. Nc2 h5
46. Nd4 Bd5 47. b3 g4 48. c4 Bf3 49. Nxe6 Bd1 50. b4 Bb3 51. Nf4 Bxc4 52. Nxh5
a5 53. Nf6 axb4 54. axb4 Be6 55. Nd5+ Kd7 56. Nxb6+ Ke7 57. Nd5+ Kf7 58. Ne3
Bc8 59. Kf4 Ke6 60. Nxg4 Kd5 61. Ne3+ Kc6 62. h4 Ba6 63. h5 Bd3 64. Nf5 1-0

[Event "London Classic Womens"]
[Site "London Olympia"]
[Date "2009.12.09"]
[Round "2"]
[White "Smith, Olivia"]
[Black "De Seroux, Camille"]
[Result "0-1"]
[WhiteElo "2026"]
[BlackElo "1989"]
[PlyCount "62"]
[EventDate "2009.12.08"]
[EventType "tourn"]
[EventRounds "9"]
[EventCountry "ENG"]
[SourceDate "2009.12.09"]

1. e4 c5 2. Nf3 d6 3. d4 cxd4 4. Nxd4 Nf6 5. Nc3 g6 6. Be3 Bg7 7. f3 O-O 8. Qd2
Nc6 9. Bc4 Bd7 10. O-O-O Rc8 11. Bb3 Ne5 12. g4 b5 13. g5 b4 14. Nce2 Nh5 15.
f4 Nc4 16. Bxc4 Rxc4 17. b3 Rc5 18. Qxb4 Qc7 19. Kb1 Rc8 20. Qd2 Bg4 21. c4 Qb7
22. Qd3 Rxc4 23. Rc1 R4c5 24. h3 Bd7 25. f5 a5 26. Rhg1 a4 27. Ng3 axb3 28.
axb3 Rxc1+ 29. Bxc1 Bxd4 30. Qxd4 Qxb3+ 31. Bb2 Qc2+ 0-1

[Event "London Classic Womens"]
[Site "London Olympia"]
[Date "2009.12.09"]
[Round "2"]
[White "Ikonomopoulou, Maria"]
[Black "Frick, Denise"]
[Result "0-1"]
[WhiteElo "2065"]
[BlackElo "1920"]
[PlyCount "58"]
[EventDate "2009.12.08"]
[EventType "tourn"]
[EventRounds "9"]
[EventCountry "ENG"]
[SourceDate "2009.12.09"]

1. e4 c5 2. Nf3 d6 3. d4 cxd4 4. Nxd4 Nf6 5. Nc3 Nc6 6. Bc4 Qb6 7. Nb3 e6 8.
O-O Be7 9. Be3 Qc7 10. f4 a6 11. Bd3 Nb4 12. Qf3 O-O 13. g4 Nxd3 14. cxd3 b5
15. Rac1 Qb7 16. Na5 Qd7 17. Ne2 Bd8 18. Nc6 Bb7 19. Nxd8 Raxd8 20. g5 Ne8 21.
Ng3 f5 22. gxf6 Nxf6 23. Bd4 e5 24. Bb6 Rc8 25. Nf5 Rxc1 26. Rxc1 Qxf5 27. Rc7
Qg6+ 28. Kh1 Rf7 29. Rc1 Nxe4 0-1

[Event "London Classic Womens"]
[Site "London Olympia"]
[Date "2009.12.09"]
[Round "2"]
[White "Chevannes, Sabrina"]
[Black "Van Weersel, Arlette"]
[Result "0-1"]
[WhiteElo "2042"]
[BlackElo "2193"]
[PlyCount "64"]
[EventDate "2009.12.08"]
[EventType "tourn"]
[EventRounds "9"]
[EventCountry "ENG"]
[SourceDate "2009.12.09"]

1. d4 Nf6 2. Nf3 g6 3. Bf4 Bg7 4. h3 d5 5. c4 O-O 6. Nc3 c6 7. e3 Qa5 8. Nd2
Nbd7 9. Be2 Ne4 10. Qc2 Nxd2 11. Qxd2 dxc4 12. O-O e5 13. Bg3 exd4 14. exd4 Nb6
15. Bd6 Rd8 16. b4 Qf5 17. Bc5 Qd7 18. Rad1 Nd5 19. Nxd5 cxd5 20. b5 Qxb5 21.
Rfe1 Be6 22. Qf4 Re8 23. h4 Qd7 24. h5 Bf5 25. g4 Bc2 26. Rc1 Ba4 27. h6 Bh8
28. Bd6 Re4 29. Qg3 Rae8 30. Be5 Bxe5 31. dxe5 R4xe5 32. Qf3 f5 0-1

[Event "London Classic Womens"]
[Site "London Olympia"]
[Date "2009.12.09"]
[Round "2"]
[White "Winkelmann, Elena"]
[Black "Lalic, Susan"]
[Result "1/2-1/2"]
[WhiteElo "2119"]
[BlackElo "2310"]
[PlyCount "175"]
[EventDate "2009.12.08"]
[EventType "tourn"]
[EventRounds "9"]
[EventCountry "ENG"]
[SourceDate "2009.12.09"]

1. c4 e5 2. Nc3 Nc6 3. g3 g6 4. Bg2 Bg7 5. d3 d6 6. e3 Nge7 7. Nge2 O-O 8. Nd5
Rb8 9. Nec3 a6 10. b4 b5 11. cxb5 axb5 12. a4 Nxd5 13. Nxd5 e4 14. d4 bxa4 15.
Qxa4 Bd7 16. Qc2 Nxb4 17. Nxb4 Rxb4 18. Bd2 Rb8 19. Ba5 Bb5 20. Bf1 Bxf1 21.
Kxf1 Qd7 22. Qxe4 Rfe8 23. Qf3 c5 24. Kg2 cxd4 25. exd4 Bxd4 26. Rad1 Be5 27.
Rd5 Qa4 28. Rhd1 Rb3 29. R1d3 Rxd3 30. Qxd3 Rb8 31. Bc3 Bxc3 32. Qxc3 Qe4+ 33.
Qf3 Qxf3+ 34. Kxf3 Rb6 35. Rd2 Kf8 36. Re2 Rb5 37. Rd2 Ke7 38. Ke3 Ke6 39. Ra2
Rb3+ 40. Kd4 Rb4+ 41. Kd3 h5 42. h4 Rb5 43. Kd4 Rd5+ 44. Ke4 Rd1 45. Ra6 Rd2
46. Ke3 Rb2 47. Ra8 Ke5 48. Re8+ Kf5 49. Rf8 Rb3+ 50. Ke2 f6 51. Rd8 Rb6 52.
Ke3 Ra6 53. Rd7 g5 54. Rh7 Kg6 55. Rd7 gxh4 56. gxh4 Kf5 57. f3 Ra3+ 58. Ke2
Kf4 59. Rxd6 Ra2+ 60. Ke1 f5 61. Rh6 Kxf3 62. Rxh5 Ra1+ 63. Kd2 f4 64. Rf5 Rh1
65. h5 Kg3 66. Ke2 Rh2+ 67. Kf1 Kg4 68. Ra5 Kg3 69. Rf5 Kf3 70. Kg1 Rg2+ 71.
Kf1 Ra2 72. Kg1 Ra6 73. Rf8 Ra5 74. h6 Rg5+ 75. Kf1 Rh5 76. Kg1 Rxh6 77. Ra8
Rg6+ 78. Kf1 Re6 79. Ra7 Re3 80. Rh7 Re8 81. Rh3+ Kg4 82. Ra3 Rb8 83. Kf2 Rb2+
84. Kf1 Rh2 85. Rb3 Rc2 86. Ra3 f3 87. Ra8 Kg3 88. Rg8+ 1/2-1/2

[Event "London Classic Womens"]
[Site "London Olympia"]
[Date "2009.12.09"]
[Round "2"]
[White "Caoili, Arianne"]
[Black "Yurenok, Maria"]
[Result "1-0"]
[WhiteElo "2206"]
[BlackElo "1968"]
[PlyCount "129"]
[EventDate "2009.12.08"]
[EventType "tourn"]
[EventRounds "9"]
[EventCountry "ENG"]
[SourceDate "2009.12.09"]

1. c4 c6 2. e4 d5 3. exd5 cxd5 4. cxd5 Nf6 5. Nc3 g6 6. Qb3 Bg7 7. g3 O-O 8.
Bg2 Nbd7 9. d4 a6 10. Nge2 Ra7 11. a4 b6 12. Na2 a5 13. Nac3 Ba6 14. Nb5 Bxb5
15. Qxb5 Ne8 16. O-O Nd6 17. Qb3 Qb8 18. Bf4 Rc8 19. Rac1 Rxc1 20. Rxc1 Rb7 21.
Bh3 f5 22. Qe3 Nf8 23. Be5 Qd8 24. Bxg7 Kxg7 25. Nf4 Qd7 26. b3 Rc7 27. Rc6 Ne4
28. Qxe4 fxe4 29. Bxd7 Rxd7 30. Rxb6 g5 31. Ne6+ Nxe6 32. Rxe6 Kf7 33. Rxe4
Rxd5 34. Kf1 Kf6 35. Ke2 Rd8 36. Kd3 Rb8 37. Kc4 Rb4+ 38. Kc3 Rb7 39. Re5 Rc7+
40. Rc5 Ra7 41. Kc4 e6 42. Rc6 Kf5 43. f3 h5 44. Kb5 Rb7+ 45. Rb6 Rd7 46. Kc5
Re7 47. Rc6 Rb7 48. Kc4 Ra7 49. Rb6 Rc7+ 50. Kd3 Ra7 51. Ke3 Rc7 52. Rb5+ Kf6
53. Rc5 Ra7 54. Ke4 Ra6 55. h4 gxh4 56. gxh4 Kg6 57. Rg5+ Kh6 58. f4 Rb6 59.
Rxa5 Rxb3 60. Ra6 Rh3 61. Rxe6+ Kg7 62. a5 Rxh4 63. Kf5 Rh1 64. a6 Ra1 65. Re7+
{No further moves were recorded} 1-0

[Event "London Classic Womens"]
[Site "London Olympia"]
[Date "2009.12.10"]
[Round "3"]
[White "Yurenok, Maria"]
[Black "Smith, Olivia"]
[Result "1-0"]
[WhiteElo "1968"]
[BlackElo "2026"]
[PlyCount "71"]
[EventDate "2009.12.08"]
[EventType "tourn"]
[EventRounds "9"]
[EventCountry "ENG"]
[SourceDate "2009.12.09"]

1. d4 Nf6 2. Nf3 d5 3. c4 e6 4. cxd5 exd5 5. Nc3 c6 6. Bg5 Be7 7. Qc2 Nbd7 8.
e3 h6 9. Bh4 b6 10. Bd3 Bb7 11. O-O O-O 12. Rfd1 Re8 13. Rac1 Ne4 14. Bg3 Nxg3
15. hxg3 Nf6 16. Ne5 Bd6 17. f4 Bxe5 18. dxe5 Nd7 19. Qe2 Nc5 20. Bb1 Qe7 21.
Kf2 Rad8 22. Qc2 g6 23. b4 Ne4+ 24. Nxe4 dxe4 25. Qxe4 c5 26. Qc4 cxb4 27. Bxg6
Rc8 28. Qb3 Rxc1 29. Rxc1 Rd8 30. Qxf7+ Qxf7 31. Bxf7+ Kxf7 32. Rc7+ Ke6 33.
Rxb7 Rd2+ 34. Kf3 Rxa2 35. Ke4 b3 36. f5# 1-0

[Event "London Classic Womens"]
[Site "London Olympia"]
[Date "2009.12.10"]
[Round "3"]
[White "Lalic, Susan"]
[Black "Caoili, Arianne"]
[Result "1-0"]
[WhiteElo "2310"]
[BlackElo "2206"]
[PlyCount "119"]
[EventDate "2009.12.08"]
[EventType "tourn"]
[EventRounds "9"]
[EventCountry "ENG"]
[SourceDate "2009.12.09"]

1. e4 e5 2. Nf3 Nc6 3. Nc3 Nf6 4. g3 Bc5 5. Bg2 O-O 6. Nxe5 Bxf2+ 7. Kxf2 Nxe5
8. d4 Ng6 9. e5 Ne8 10. Re1 d6 11. Qh5 c5 12. Nd5 cxd4 13. Bg5 Qd7 14. Be4 Qh3
15. Qxh3 Bxh3 16. g4 Bxg4 17. Kg3 Bh5 18. Ne7+ Kh8 19. Nxg6+ Bxg6 20. Be7 Rg8
21. exd6 Nf6 22. Bxg6 fxg6 23. Rad1 Nd7 24. Rxd4 Rac8 25. c4 h6 26. b3 Kh7 27.
h4 Rc5 28. Re6 Re8 29. Kh3 Rf5 30. Rg4 Nf8 31. Re2 Nd7 32. Rg3 Rf7 33. Reg2 Ne5
34. c5 Nc6 35. b4 Nxe7 36. dxe7 Rfxe7 37. Rxg6 Re3+ 38. R6g3 R3e4 39. Rg4 Re3+
40. R2g3 Re2 41. a3 R8e7 42. Rc4 Rc7 43. b5 Rb2 44. a4 Rf7 45. c6 bxc6 46. bxc6
Rc7 47. Rd3 Rf2 48. Rd7 Rxd7 49. cxd7 Rd2 50. Rc7 a5 51. h5 Rd1 52. Kg4 Rd5 53.
Kf3 Rd4 54. Ke3 Rd1 55. Ke4 Rd2 56. Ke5 Rd1 57. Ke6 Rd2 58. Rc5 g6 59. Rd5 Re2+
60. Kd6 1-0

[Event "London Classic Womens"]
[Site "London Olympia"]
[Date "2009.12.10"]
[Round "3"]
[White "Van Weersel, Arlette"]
[Black "Winkelmann, Elena"]
[Result "1/2-1/2"]
[WhiteElo "2193"]
[BlackElo "2119"]
[PlyCount "99"]
[EventDate "2009.12.08"]
[EventType "tourn"]
[EventRounds "9"]
[EventCountry "ENG"]
[SourceDate "2009.12.09"]

1. e4 c5 2. Nf3 e6 3. d4 cxd4 4. Nxd4 Nf6 5. Bd3 a6 6. O-O Qc7 7. c4 b6 8. Nc3
Bb7 9. Qe2 d6 10. f4 Nbd7 11. Bd2 g6 12. b4 Bg7 13. Nb3 O-O 14. Rac1 Rac8 15.
Be3 Qb8 16. c5 bxc5 17. bxc5 Qa8 18. cxd6 Nxe4 19. Nxe4 Bxe4 20. Bxa6 Bxg2 21.
Rxc8 Rxc8 22. Bxc8 Bxf1 23. Kxf1 Qxc8 24. Qb5 Bf8 25. Nc5 Nxc5 26. Bxc5 Qa8 27.
Qd3 Qh1+ 28. Bg1 Bxd6 29. Qxd6 Qf3+ 30. Bf2 Qh1+ 31. Ke2 Qxh2 32. Qb8+ Kg7 33.
Qe5+ f6 34. Qc7+ Kh6 35. Qd8 Qh5+ 36. Ke1 Qh1+ 37. Kd2 Qb1 38. Qf8+ Kh5 39.
Qxf6 Qxa2+ 40. Ke1 Qb1+ 41. Ke2 Qe4+ 42. Kd2 Qb4+ 43. Ke3 Qb3+ 44. Ke2 Qc2+ 45.
Kf3 Qd1+ 46. Kg2 Qg4+ 47. Kh2 h6 48. Kh1 Qf3+ 49. Kg1 Qh3 50. Qe5+ 1/2-1/2

[Event "London Classic Womens"]
[Site "London Olympia"]
[Date "2009.12.10"]
[Round "3"]
[White "Frick, Denise"]
[Black "Chevannes, Sabrina"]
[Result "0-1"]
[WhiteElo "1920"]
[BlackElo "2042"]
[PlyCount "100"]
[EventDate "2009.12.08"]
[EventType "tourn"]
[EventRounds "9"]
[EventCountry "ENG"]
[SourceDate "2009.12.09"]

1. e4 c6 2. d4 d5 3. Nd2 dxe4 4. Nxe4 Nd7 5. Ng5 Ngf6 6. Bd3 e6 7. N1f3 Bd6 8.
Qe2 h6 9. Ne4 Nxe4 10. Qxe4 Nf6 11. Qe2 Qc7 12. Ne5 a6 13. f4 c5 14. dxc5 Bxc5
15. Be3 Nd5 16. Bxc5 Qxc5 17. Rf1 O-O 18. Ng4 Nb4 19. a3 Nxd3+ 20. Qxd3 Qa5+
21. Qd2 Qh5 22. h3 Qh4+ 23. Qf2 Qe7 24. O-O-O b5 25. Ne5 a5 26. g4 b4 27. a4 b3
28. cxb3 Qb4 29. Qg3 Ba6 30. Rf2 Qe4 31. Rc2 Rfc8 32. Rc3 Rxc3+ 33. bxc3 Rb8
34. c4 f6 35. Nd7 Rc8 36. Rd2 Bxc4 37. Rc2 Ba6 38. Nc5 Qh1+ 39. Kb2 Qc6 40. Qe3
Kf7 41. g5 Qd6 42. Rc3 Rc6 43. h4 Bc8 44. Rc1 e5 {(=)} 45. Ne4 Qc7 46. Rxc6
Qxc6 47. fxe5 Bf5 48. Nd6+ Ke6 49. Nc4 fxg5 50. hxg5 hxg5 {no further moves
recorded} 0-1

[Event "London Classic Womens"]
[Site "London Olympia"]
[Date "2009.12.10"]
[Round "3"]
[White "De Seroux, Camille"]
[Black "Ikonomopoulou, Maria"]
[Result "0-1"]
[WhiteElo "1989"]
[BlackElo "2065"]
[PlyCount "110"]
[EventDate "2009.12.08"]
[EventType "tourn"]
[EventRounds "9"]
[EventCountry "ENG"]
[SourceDate "2009.12.09"]

1. e4 e5 2. Nf3 Nc6 3. d4 exd4 4. Nxd4 Bc5 5. Be3 Qf6 6. c3 Qg6 7. Nd2 Nge7 8.
Qa4 b6 9. f4 Bb7 10. b4 Bxd4 11. cxd4 Nxd4 12. Bxd4 Bxe4 13. Qd1 O-O 14. Nf3
Nd5 15. Ne5 Qf5 16. Qg4 Qxg4 17. Nxg4 Nxb4 18. Ne3 Rfe8 19. Kf2 d6 20. Bb2 Re7
21. a3 Nd5 22. Nxd5 Bxd5 23. Bd3 Rae8 24. Rac1 c5 25. Rhd1 Bc6 26. Rd2 f6 27.
Ba1 d5 28. Be2 Kf7 29. Bh5+ g6 30. Bf3 Rd8 31. g4 Bb7 32. h4 d4 33. Bxb7 Rxb7
34. g5 Re7 35. Rh1 fxg5 36. hxg5 Kg7 37. Rdd1 Kg8 38. Rh6 Rde8 39. Rd2 Re3 40.
Bb2 Rb3 41. Bc1 Ree3 42. Rh1 Rf3+ 43. Kg2 Rxf4 44. Re2 Rf8 45. Re7 Rf7 46. Rxf7
Kxf7 47. Rxh7+ Ke6 48. Rxa7 Rb1 49. Bf4 Kf5 50. Rf7+ Ke4 51. Kf2 c4 52. Bd6 c3
53. Rf4+ Kd5 54. Bb4 Rxb4 55. Rf6 c2 0-1

[Event "London Classic Womens"]
[Site "London Olympia"]
[Date "2009.12.11"]
[Round "4"]
[White "Smith, Olivia"]
[Black "Ikonomopoulou, Maria"]
[Result "0-1"]
[WhiteElo "2026"]
[BlackElo "2065"]
[PlyCount "48"]
[EventDate "2009.12.08"]
[EventType "tourn"]
[EventRounds "9"]
[EventCountry "ENG"]
[SourceDate "2009.12.09"]

1. e4 c5 2. Nf3 d6 3. d4 cxd4 4. Nxd4 Nf6 5. Nc3 a6 6. Bc4 e6 7. Bb3 b5 8. Bg5
Be7 9. Qf3 Qb6 10. O-O-O O-O 11. Rhe1 Nbd7 12. Qg3 Nc5 13. f4 Qb7 14. Bxf6 Bxf6
15. e5 dxe5 16. fxe5 Be7 17. h4 Bd7 18. Kb1 a5 19. a3 b4 20. axb4 axb4 21. Na2
Qa7 22. Rd2 Bxh4 23. Qxh4 Nxb3 24. Nxb3 Qxa2+ 0-1

[Event "London Classic Womens"]
[Site "London Olympia"]
[Date "2009.12.11"]
[Round "4"]
[White "Chevannes, Sabrina"]
[Black "De Seroux, Camille"]
[Result "1-0"]
[WhiteElo "2042"]
[BlackElo "1989"]
[PlyCount "87"]
[EventDate "2009.12.08"]
[EventType "tourn"]
[EventRounds "9"]
[EventCountry "ENG"]
[SourceDate "2009.12.09"]

1. d4 Nf6 2. Nf3 g6 3. Nc3 d5 4. Bf4 Bg7 5. Qd2 c6 6. Ne5 Nbd7 7. e3 Nh5 8. Be2
Nxf4 9. exf4 O-O 10. h4 Nxe5 11. dxe5 Qb6 12. Na4 Qc7 13. h5 Rb8 14. g4 Bd7 15.
Nc5 Bc8 16. Nb3 g5 17. h6 Bh8 18. Rh5 f6 19. exf6 Bxf6 20. f5 Kh8 21. O-O-O e6
22. fxe6 Bxe6 23. Nd4 Qe5 24. c3 Bf7 25. Nf3 Qe7 26. Rhh1 Rg8 27. Bd3 c5 28.
Rde1 Qc7 29. Kb1 b5 30. Qc2 Bg6 31. Bxg6 Rxg6 32. Re6 Qf7 33. Rhe1 Rxh6 34. Qf5
Qg6 35. Qxg6 Rxg6 36. Rd6 Bxc3 37. Rxg6 Bxe1 38. Rxg5 Bxf2 39. Rxd5 Rf8 40. Ng5
Be3 41. Ne6 Rc8 42. Rd7 Re8 43. Nc7 b4 44. Nxe8 1-0

[Event "London Classic Womens"]
[Site "London Olympia"]
[Date "2009.12.11"]
[Round "4"]
[White "Caoili, Arianne"]
[Black "Van Weersel, Arlette"]
[Result "1-0"]
[WhiteElo "2206"]
[BlackElo "2193"]
[PlyCount "128"]
[EventDate "2009.12.08"]
[EventType "tourn"]
[EventRounds "9"]
[EventCountry "ENG"]
[SourceDate "2009.12.09"]

1. e4 e5 2. Nf3 Nc6 3. Bb5 a6 4. Ba4 Nf6 5. O-O Be7 6. Re1 b5 7. Bb3 O-O 8. c3
d6 9. h3 Na5 10. Bc2 c5 11. d4 Nc6 12. d5 Nb8 13. b3 Kh8 14. a4 b4 15. cxb4
cxb4 16. a5 Nbd7 17. Bd2 Rb8 18. Ra4 Rb5 19. Bxb4 Nc5 20. Nc3 Rxb4 21. Rxb4
Qxa5 22. Rc4 Qd8 23. Na4 Nxa4 24. Rxa4 Nd7 25. b4 g6 26. Bd3 Nb8 27. Qe2 Qd7
28. Ra2 Bd8 29. Qe3 Kg7 30. Rb1 Qb7 31. b5 a5 32. b6 Nd7 33. Rxa5 Bxb6 34. Qc1
Qc7 35. Qxc7 Bxc7 36. Ra7 Bd8 37. Ra8 Be7 38. Ba6 Bxa6 39. Rxa6 Nc5 40. Ra7 Bf6
41. Rb4 Kg8 42. Nd2 Bg5 43. Nb3 Nd3 44. Rbb7 h5 45. Kf1 Nb2 46. Ke2 Rc8 47.
Rxf7 Rc2+ 48. Kf1 Nd3 49. g3 Rb2 50. Na5 Rb1+ 51. Ke2 Nc5 52. Rg7+ Kh8 53. Nc6
Nxe4 54. Rgc7 Rb2+ 55. Kf3 Nf6 56. Rc8+ Ng8 57. Raa8 e4+ 58. Kxe4 Rxf2 59.
Rxg8+ Kh7 60. Rh8+ Kg7 61. Rag8+ Kf7 62. Rf8+ Kg7 63. Rxf2 Kxh8 64. Rf7 Bd2 {
scoresheets illegible (67 moves)} 1-0

[Event "London Classic Womens"]
[Site "London Olympia"]
[Date "2009.12.11"]
[Round "4"]
[White "Yurenok, Maria"]
[Black "Lalic, Susan"]
[Result "0-1"]
[WhiteElo "1968"]
[BlackElo "2310"]
[PlyCount "110"]
[EventDate "2009.12.08"]
[EventType "tourn"]
[EventRounds "9"]
[EventCountry "ENG"]
[SourceDate "2009.12.09"]

1. d4 c5 2. d5 e5 3. e4 d6 4. Bb5+ Nd7 5. a4 g6 6. Nf3 Bg7 7. O-O Ne7 8. Nc3
O-O 9. Nd2 f5 10. exf5 gxf5 11. Bxd7 Bxd7 12. Nc4 Be8 13. Bg5 h6 14. Bh4 Qd7
15. Bxe7 Qxe7 16. Qd2 Rf6 17. f4 e4 18. Ne3 Bd7 19. Ne2 b6 20. c3 Kh7 21. b4
Rff8 22. bxc5 bxc5 23. Rfb1 Rab8 24. Qc2 Rfc8 25. Rb2 Qe8 26. Rxb8 Rxb8 27. Rb1
Rxb1+ 28. Qxb1 Qc8 29. Qa2 Qa6 30. Kf2 Kg6 31. Nc4 Qxa4 32. Qxa4 Bxa4 33. Nxd6
Bb3 34. Nb7 Bxd5 35. Nxc5 Bc4 36. Nd4 Bxd4+ 37. cxd4 Kf6 38. Ke3 Ke7 39. g4
fxg4 40. Kxe4 Kd6 41. Na4 Bb3 42. Nc3 Bc2+ 43. Ke3 a5 44. Kf2 Ke6 45. Kg3 Kf5
46. d5 h5 47. d6 Ke6 48. Nb5 Bd3 49. f5+ Kd7 50. f6 Ke6 51. Nc7+ Kxd6 52. Nd5
Bg6 53. Nf4 Bf7 54. h3 gxh3 55. Kxh3 Ke5 0-1

[Event "London Classic Womens"]
[Site "London Olympia"]
[Date "2009.12.11"]
[Round "5"]
[White "Lalic, Susan"]
[Black "Smith, Olivia"]
[Result "1/2-1/2"]
[WhiteElo "2310"]
[BlackElo "2026"]
[PlyCount "55"]
[EventDate "2009.12.08"]
[EventType "tourn"]
[EventRounds "9"]
[EventCountry "ENG"]
[SourceDate "2009.12.09"]

1. e4 e5 2. Nf3 Nf6 3. Nxe5 d6 4. Nf3 Nxe4 5. Nc3 Nxc3 6. dxc3 Be7 7. Bf4 Nc6
8. Qd2 Bg4 9. Be2 Qd7 10. h3 Bf5 11. O-O-O O-O-O 12. Nd4 Nxd4 13. Qxd4 Kb8 14.
Bf3 Qb5 15. Be3 Qa5 16. Qc4 Be6 17. Bd5 Rhe8 18. Qb3 b6 19. c4 Bxd5 20. Rxd5
Qa6 21. c5 dxc5 22. Rxd8+ Rxd8 23. Qxf7 Bf6 24. Bf4 Qc8 25. Re1 Rf8 26. Qc4 Qf5
27. Bg3 Bd4 28. Re2 1/2-1/2

[Event "London Classic Womens"]
[Site "London Olympia"]
[Date "2009.12.11"]
[Round "5"]
[White "Van Weersel, Arlette"]
[Black "Yurenok, Maria"]
[Result "1/2-1/2"]
[WhiteElo "2193"]
[BlackElo "1968"]
[PlyCount "79"]
[EventDate "2009.12.08"]
[EventType "tourn"]
[EventRounds "9"]
[EventCountry "ENG"]
[SourceDate "2009.12.09"]

1. e4 c5 2. Nf3 e6 3. d4 cxd4 4. Nxd4 Nc6 5. Nc3 Qc7 6. Be3 a6 7. Qd2 Nf6 8. f3
b5 9. Nxc6 dxc6 10. O-O-O Be7 11. g4 h6 12. h4 e5 13. Bh3 Be6 14. g5 Rd8 15.
Qe1 Rxd1+ 16. Qxd1 hxg5 17. Bxe6 fxe6 18. hxg5 Rxh1 19. Qxh1 Ng8 20. Nd1 c5 21.
Nf2 c4 22. c3 Bc5 23. Bxc5 Qxc5 24. Ng4 Ne7 25. Qh8+ Kf7 26. Kc2 Qd6 27. Kc1
Qc5 28. Qd8 Qg1+ 29. Kc2 Qg2+ 30. Qd2 Qxd2+ 31. Kxd2 Ng6 32. b3 cxb3 33. axb3
Ke7 34. c4 bxc4 35. bxc4 Kd6 36. Kc3 Kc5 37. Nf2 Nf4 38. Ng4 Ng6 39. Nf2 Nf4
40. Ng4 1/2-1/2

[Event "London Classic Womens"]
[Site "London Olympia"]
[Date "2009.12.11"]
[Round "5"]
[White "Frick, Denise"]
[Black "Caoili, Arianne"]
[Result "0-1"]
[WhiteElo "1920"]
[BlackElo "2206"]
[PlyCount "62"]
[EventDate "2009.12.08"]
[EventType "tourn"]
[EventRounds "9"]
[EventCountry "ENG"]
[SourceDate "2009.12.09"]

1. e4 e5 2. Nf3 Nc6 3. Bb5 a6 4. Ba4 Nf6 5. Qe2 b5 6. Bb3 Bc5 7. c3 O-O 8. d3
h6 9. O-O Re8 10. Be3 Bf8 11. h3 Na5 12. Bc2 c5 13. a4 Rb8 14. axb5 axb5 15.
Nbd2 d5 16. Nxe5 Rxe5 17. Bf4 Nc6 18. Bxe5 Nxe5 19. f4 Nc6 20. e5 Ne8 21. Nf3
d4 22. Bb3 c4 23. dxc4 d3 24. Qe4 Na5 25. Ba2 Bb7 26. Qd4 bxc4 27. Nd2 Qc7 28.
Ne4 Rd8 29. Qe3 Qc6 30. Bb1 Nb3 31. Ra2 Bc5 0-1

[Event "London Classic Womens"]
[Site "London Olympia"]
[Date "2009.12.11"]
[Round "5"]
[White "De Seroux, Camille"]
[Black "Winkelmann, Elena"]
[Result "1/2-1/2"]
[WhiteElo "1989"]
[BlackElo "2119"]
[PlyCount "67"]
[EventDate "2009.12.08"]
[EventType "tourn"]
[EventRounds "9"]
[EventCountry "ENG"]
[SourceDate "2009.12.09"]

1. e4 c5 2. Nf3 e6 3. d4 cxd4 4. Nxd4 Nf6 5. Nc3 Qb6 6. e5 Bc5 7. Be3 Nd5 8.
Nxd5 exd5 9. Nf5 Bxe3 10. fxe3 O-O 11. Qg4 g6 12. Qg5 f6 13. Ne7+ Kg7 14. exf6+
Qxf6 15. Qxf6+ Rxf6 16. Nxd5 Rc6 17. O-O-O a6 18. Be2 b5 19. Ne7 Rc7 20. Nxc8
Rxc8 21. Rd6 Ra7 22. Rhd1 Rac7 23. R1d2 Re8 24. R2d3 Kf7 25. Bg4 Ke7 26. R6d4
Rf8 27. Bf3 Rf6 28. Rh4 h5 29. Re4+ Re6 30. Rxe6+ dxe6 31. Be4 g5 32. Kd2 Nd7
33. Ra3 Nc5 34. Bf3 1/2-1/2